| 000 | 01230cam a2200373 i 4500 | ||
|---|---|---|---|
| 999 |
_c200446946 _d65158 |
||
| 001 | 200446946 | ||
| 003 | TR-AnTOB | ||
| 005 | 20230131143209.0 | ||
| 007 | ta | ||
| 008 | 181108t20152015tu b 000 1 tur d | ||
| 020 |
_a9786053754794 _q(paperback) |
||
| 040 |
_aBGZ _beng _erda _cBGZ _dTR-AnTOB |
||
| 041 | 1 |
_atur _heng |
|
| 050 | 1 | 4 |
_aPS3558.E63 _bD8619 2021 |
| 090 |
_aPS3558.E63 _bD8619 2021 v.1 |
||
| 100 | 1 |
_aHerbert, Frank, _d1920-1986 _eauthor _9137019 |
|
| 240 | 1 | 0 |
_aDune. _lTurkish |
| 245 | 1 | 0 |
_aDune / _cFrank Herbert ; çeviren Dost Körpe. |
| 250 | _a20. Baskı: Kasım 2021 | ||
| 264 | 1 |
_aİstanbul : _bİthaki Yayınları, _c2021. |
|
| 264 | 4 | _c©2015 | |
| 300 |
_a688 pages : _bmap ; _c22 cm |
||
| 336 |
_atext _2rdacontent _btxt |
||
| 337 |
_aunmediated _2rdamedia _bn |
||
| 338 |
_avolume _2rdacarrier _bnc |
||
| 490 | 0 |
_aİthaki Yayınları ; _v1037 _aBilimkurgu Klasikleri ; _v1 _aDune ; _v1 |
|
| 500 | _aTranslation of: Dune. | ||
| 650 | 7 |
_aDune (Hayali yer) _vRoman _2etuturkob _9137021 |
|
| 650 | 0 |
_aBilimkurgu roman, Amerikan _9124339 |
|
| 650 | 7 |
_aYaşam, Diğer gezegenlerde _2etuturkob _9111593 |
|
| 700 | 1 |
_aKörpe, Dost _d1972- _4translator _918998 |
|
| 942 |
_2lcc _cBK |
||